[Event "AUTO-INT-3943"]
[Site "http://www.queenalice.com/game.php?id=1862463"]
[Date "2025.9.2"]
[Round "1"]
[White "renet54"]
[Black "jenyasm"]
[Result "0-1"]
[WhiteElo "1562"]
[BlackElo "1448"]

1. e4 e5 2. Nf3 Nc6 3. Bc4 h6 4. Nc3 d6 5. d4 exd4 6. Nb5 Nf6 7. O-O Nxe4 8. Qe2
Bf5 9. Bf4 Be7 10. Rad1 O-O 11. Nbxd4 Nxd4 12. Rxd4 Nc5 13. Re1 Bf6 14. Ne5 Qe8
15. h3 dxe5 16. Bxf7+ Rxf7 17. Bxh6 exd4 18. Qxe8+ Rxe8 19. Rxe8+ Rf8 20. Rxf8+
Kxf8 21. Bf4 c6 22. b4 Ne6 23. a3 d3 24. cxd3 Bxd3 25. Bb8 a6 26. f3 Bd4+ 27.
Kh2 b5 28. Kg3 Bb2 29. Kg4 Bxa3 30. Bd6+ Kf7 31. h4 c5 32. bxc5 Bxc5 33. Bxc5
Nxc5 34. f4 b4 0-1

[Event "AUTO-INT-3943"]
[Site "http://www.queenalice.com/game.php?id=1862464"]
[Date "2025.9.2"]
[Round "1"]
[White "jenyasm"]
[Black "renet54"]
[Result "1-0"]
[WhiteElo "1393"]
[BlackElo "1619"]

1. e4 e5 2. Nf3 Nf6 3. d3 Bc5 4. h3 O-O 5. Be2 d6 6. O-O Be6 7. b3 Qd7 8. Ng5 h6
9. Nxe6 Qxe6 10. Bg4 Nxg4 11. Qxg4 Qf6 12. Nc3 Nc6 13. Nd5 Qd8 14. Bxh6 1-0

[Event "AUTO-INT-3944"]
[Site "http://www.queenalice.com/game.php?id=1862974"]
[Date "2025.9.13"]
[Round "1"]
[White "dida"]
[Black "jenyasm"]
[Result "0-1"]
[WhiteElo "1568"]
[BlackElo "1517"]

1. e4 e5 2. Nf3 Nc6 3. a3 d6 4. Nc3 a6 5. Nd5 Nf6 6. Nxf6+ Qxf6 7. Bd3 Be6 8. b4
b5 9. Bb2 h6 10. Bc3 Be7 11. O-O Qg6 12. Qe2 Bh3 13. g3 Bxf1 14. Qxf1 O-O 15.
Kh1 Qh5 16. Ng1 Nd4 17. Bxd4 exd4 18. Nf3 Qxf3+ 19. Kg1 Bg5 20. e5 dxe5 21. Be2
Qe4 22. d3 Qd5 23. f4 exf4 24. gxf4 Bf6 25. Bf3 Qf5 26. Bxa8 Rxa8 27. Re1 c5 28.
Qf3 Ra7 29. Re8+ Kh7 30. bxc5 Qxc5 31. Qe4+ g6 32. Qe2 Qxa3 33. f5 b4 34. fxg6+
fxg6 35. Rf8 Bg7 36. Rf1 b3 37. cxb3 Qxb3 38. Rc1 Qb6 39. h4 h5 40. Qc2 a5 41.
Rb1 Qe6 42. Qg2 Qe3+ 43. Kh1 Qxd3 44. Rb6 a4 45. Qxg6+ Qxg6 0-1

[Event "AUTO-INT-3944"]
[Site "http://www.queenalice.com/game.php?id=1862983"]
[Date "2025.9.13"]
[Round "1"]
[White "jenyasm"]
[Black "renet54"]
[Result "0-1"]
[WhiteElo "1469"]
[BlackElo "1575"]

1. e4 e5 2. Nf3 Nf6 3. Nc3 Bc5 4. h3 O-O 5. Nxe5 d6 6. Nf3 Re8 7. d3 Nc6 8. a3
d5 9. Qe2 dxe4 10. dxe4 Nd4 11. Nxd4 Bxd4 12. f3 Bxc3+ 13. bxc3 Bf5 14. g4 Bxe4
15. fxe4 Nxe4 16. Be3 Ng3 0-1

[Event "AUTO-INT-3945"]
[Site "http://www.queenalice.com/game.php?id=1863588"]
[Date "2025.9.30"]
[Round "1"]
[White "Carlos19"]
[Black "jenyasm"]
[Result "0-1"]
[WhiteElo "1626"]
[BlackElo "1435"]

1. e4 e5 2. Nf3 Nc6 3. Bc4 h6 4. Nc3 d6 5. d3 a6 6. a3 Nf6 7. O-O Be7 8. h3 O-O
9. Nd5 b5 10. Ba2 Bb7 11. Nxe7+ Qxe7 12. c4 Na7 13. cxb5 Nxb5 14. a4 Na7 15. Nh4
Bc6 16. Nf5 Qd7 17. Bb3 Nc8 18. a5 Bb5 19. Bc4 Bxc4 20. dxc4 Kh7 21. b4 Nxe4 22.
g4 Ng5 23. Bxg5 hxg5 24. c5 Ne7 25. Nxe7 Qxe7 26. cxd6 cxd6 27. Qd3+ Kg8 28.
Rac1 Qd7 29. Rc5 Rfd8 30. Rfc1 dxc5 31. Qb1 cxb4 32. Qxb4 f6 33. Qc4+ Qd5 34.
Qxd5+ Rxd5 35. Ra1 Ra7 36. f3 Kf7 37. Ra2 Ke6 38. Ra4 Rc5 39. Ra3 Kd5 40. Rd3+
Kc4 41. Ra3 Kb4 42. Ra1 Rxa5 43. Rd1 Rc5 44. Rb1+ Ka3 45. Ra1+ Kb2 46. Ra4 a5
47. Kf2 Kb3 48. Ra1 a4 49. Kg3 a3 50. h4 gxh4+ 51. Kxh4 a2 52. g5 Kb2 53. g6
Kxa1 54. Kg4 Kb1 55. f4 exf4 56. Kxf4 a1=Q 57. Kg4 Qd4+ 0-1

[Event "AUTO-INT-3945"]
[Site "http://www.queenalice.com/game.php?id=1863589"]
[Date "2025.9.30"]
[Round "1"]
[White "jenyasm"]
[Black "Carlos19"]
[Result "1-0"]
[WhiteElo "1471"]
[BlackElo "1619"]

1. e4 e5 2. Nf3 Nc6 3. h3 Bc5 4. Nc3 Nd4 5. Nxe5 Nf6 6. Bd3 d6 7. Nf3 O-O 8. O-O
Nxf3+ 9. Qxf3 a6 10. a3 h6 11. Bc4 b5 12. Bb3 b4 13. axb4 Bd4 14. d3 Be6 15.
Bxe6 fxe6 16. Ne2 Bb6 17. c3 d5 18. exd5 e5 19. Bd2 Nxd5 20. Qg3 g5 21. Rae1 Re8
22. c4 Nf6 23. Bc3 Qd6 24. c5 Bxc5 25. bxc5 Qxc5 26. Nc1 Nd7 27. h4 Qe7 28. hxg5
hxg5 29. d4 c5 30. dxe5 Nb6 31. Nd3 c4 32. Nb4 a5 33. Nc6 Qg7 34. Nxa5 g4 35.
Re4 Qh7 36. Rxg4+ Kf7 37. Re1 Rh8 38. e6+ Ke7 39. Bxh8 Rxh8 40. Rg7+ Qxg7 41.
Qxg7+ 1-0

[Event "AUTO-INT-3945"]
[Site "http://www.queenalice.com/game.php?id=1863602"]
[Date "2025.9.30"]
[Round "1"]
[White "Ruusgugg"]
[Black "jenyasm"]
[Result "1-0"]
[WhiteElo "1284"]
[BlackElo "1493"]

1. f4 e6 2. e4 d5 3. e5 Bc5 4. Qg4 g6 5. h4 Ne7 6. h5 Nf5 7. hxg6 fxg6 8. c3
Bxg1 9. Rxg1 Qe7 10. c4 d4 11. a4 c5 12. Qf3 Nc6 13. Rh1 Bd7 14. Qf2 Na5 15. g4
Ng7 16. Na3 b6 17. Nb5 Bxb5 18. axb5 Kd7 19. Bg2 Raf8 20. d3 g5 21. Rh6 gxf4 22.
Bxf4 Qf7 23. Rf6 Qe7 24. Bc6+ Nxc6 25. bxc6+ Kxc6 26. g5 Kb7 27. Qf3+ Kb8 28. b4
Nf5 29. bxc5 Rxf6 30. cxb6 axb6 31. Qa8+ Kc7 32. Qa7+ Kc6 33. Qa4+ Kc7 34. gxf6
Qc5 35. Qa7+ Kc6 36. Qf7 Qb4+ 37. Bd2 Qc5 38. Ra7 Rc8 39. Qd7# 1-0

[Event "AUTO-INT-3945"]
[Site "http://www.queenalice.com/game.php?id=1863603"]
[Date "2025.9.30"]
[Round "1"]
[White "jenyasm"]
[Black "Ruusgugg"]
[Result "0-1"]
[WhiteElo "1456"]
[BlackElo "1333"]

1. e4 c5 2. Nf3 d6 3. d4 Qb6 4. d5 f5 5. exf5 Bxf5 6. Nc3 e6 7. dxe6 Ne7 8. Qe2
a6 9. b3 d5 10. g3 d4 11. Na4 Qc7 12. c4 Qc6 13. Bg2 Be4 14. O-O Bf5 15. Re1 d3
16. Qe3 b6 17. Ne5 Qxe6 18. Bxa8 h5 19. Nxd3 Qd6 20. Nf4 b5 21. cxb5 axb5 22.
Nxc5 Nc6 23. Bxc6+ Qxc6 24. Nce6 h4 25. Nxf8 Qb7 26. gxh4 Rxh4 27. Qg3 Rg4 28.
Ng2 Rxg3 29. hxg3 Kxf8 30. Be3 Be4 31. Nf4 Qc6 32. Rec1 Qh6 33. Kf1 g5 34. Ne6+
Qxe6 35. Bxg5 Bd3+ 36. Kg1 Ng6 37. Bh6+ Kf7 38. Be3 Qh3 0-1

[Event "AUTO-INT-3945"]
[Site "http://www.queenalice.com/game.php?id=1863610"]
[Date "2025.9.30"]
[Round "1"]
[White "Rocio"]
[Black "jenyasm"]
[Result "1-0"]
[WhiteElo "1534"]
[BlackElo "1469"]

1. e4 e5 2. Bc4 h6 3. Nf3 d6 4. a3 Nf6 5. h3 Be7 6. Nc3 O-O 7. Nh4 b6 8. d3 Bb7
9. Nf5 Kh7 10. Qf3 g6 11. Nxh6 Nbd7 12. Ne2 Qe8 13. Ng3 Rg8 14. Bxf7 Qf8 15. Bg5
Ne8 16. Bxg8+ Kg7 17. Qg4 Bxg5 18. Qxg5 Ndf6 19. Ngf5+ Kh8 20. Qxg6 Nxg8 21.
Nf7+ 1-0

[Event "AUTO-INT-3945"]
[Site "http://www.queenalice.com/game.php?id=1863611"]
[Date "2025.9.30"]
[Round "1"]
[White "jenyasm"]
[Black "Rocio"]
[Result "1-0"]
[WhiteElo "1459"]
[BlackElo "1536"]

1. e4 e5 2. Nf3 Qe7 3. Nc3 Nf6 4. d3 Nc6 5. a3 h6 6. h3 a6 7. g3 d6 8. Bg2 Be6
9. Nd2 Nd4 10. O-O g5 11. Nb3 Nc6 12. d4 Nh5 13. Qxh5 a5 14. d5 Bxh3 15. Bxh3
Nd8 16. Qe2 Rg8 17. Nb5 a4 18. Nd2 Ra5 19. Qc4 g4 20. Bg2 c6 21. dxc6 bxc6 22.
Nc3 Rc5 23. Qxa4 f5 24. exf5 Nf7 25. Bxc6+ Rxc6 26. Qxc6+ Kd8 27. Nb3 Qc7 28.
Qxc7+ Ke8 29. a4 Be7 30. Nd5 Bd8 31. Qc8 Kf8 32. Bxh6+ Ke8 33. Nf6+ Ke7 34.
Nxg8+ Ke8 35. Qc6# 1-0

[Event "AUTO-INT-3948"]
[Site "http://www.queenalice.com/game.php?id=1864446"]
[Date "2025.10.19"]
[Round "1"]
[White "jenyasm"]
[Black "Ruusgugg"]
[Result "1-0"]
[WhiteElo "1501"]
[BlackElo "1512"]

1. e4 a6 2. d3 b5 3. Be3 Bb7 4. Nd2 e5 5. Ngf3 Qf6 6. h3 d5 7. c3 b4 8. a3 bxc3
9. bxc3 dxe4 10. dxe4 Nd7 11. Qb3 Rb8 12. Qa4 c6 13. Rb1 Nc5 14. Qa5 Nd7 15. Nc4
Be7 16. Ncxe5 Nxe5 17. Nxe5 Bd8 18. Qc5 Be7 19. Ng4 Qe6 20. Qa7 Bd6 21. Rxb7 Rd8
22. Bxa6 Qa2 23. O-O h5 24. Nh2 Ne7 25. Bc5 Bxc5 26. Qxc5 O-O 27. Rxe7 Qc2 28.
Qxc6 Rc8 29. Bxc8 1-0

[Event "AUTO-INT-3948"]
[Site "http://www.queenalice.com/game.php?id=1864461"]
[Date "2025.10.19"]
[Round "1"]
[White "game"]
[Black "jenyasm"]
[Result "0-1"]
[WhiteElo "1660"]
[BlackElo "1478"]

1. e4 e5 2. Nf3 Nc6 3. Bc4 h6 4. Nc3 d6 5. Nb5 a6 6. Na3 Nf6 7. O-O Nxe4 8. d3
Nc5 9. Qe2 Qf6 10. d4 Nd7 11. d5 Ne7 12. b4 Qg6 13. Nh4 Qf6 14. Nf3 Nb6 15. Nb1
Bd7 16. Bb2 Nxc4 17. Qxc4 Rc8 18. Nbd2 Bb5 19. Qb3 Bxf1 20. Kxf1 c6 21. Ne4 Qf5
22. Ng3 Qg6 23. Nh4 Qg4 24. Nf3 Nf5 25. Nxf5 Qxf5 26. Nh4 Qg4 27. Nf3 Be7 28.
Qe3 Bg5 29. Qa7 Qxb4 30. Rb1 Qb5+ 31. Kg1 O-O 32. Nxg5 hxg5 33. Qe3 f6 34. Qe1
Qxd5 35. Qb4 Rb8 36. c4 Qe4 37. Qxd6 Qxb1+ 0-1

[Event "AUTO-INT-3948"]
[Site "http://www.queenalice.com/game.php?id=1864462"]
[Date "2025.10.19"]
[Round "1"]
[White "jenyasm"]
[Black "game"]
[Result "0-1"]
[WhiteElo "1439"]
[BlackElo "1691"]

1. e4 c5 2. Nf3 Nf6 3. d3 Nc6 4. a3 e5 5. Bg5 Be7 6. Nbd2 d5 7. exd5 Nxd5 8.
Bxe7 Qxe7 9. Be2 f5 10. h3 O-O 11. Nc4 Rd8 12. O-O e4 13. dxe4 Nf4 14. Qe1 fxe4
15. Nfd2 Qg5 16. Bg4 Re8 17. Nxe4 Qd5 18. Ncd2 Nd4 19. Qd1 Rxe4 20. Nxe4 Qxe4
21. Rc1 Qxg2# 0-1

[Event "AUTO-INT-3948"]
[Site "http://www.queenalice.com/game.php?id=1864473"]
[Date "2025.10.19"]
[Round "1"]
[White "jenyasm"]
[Black "renet54"]
[Result "1-0"]
[WhiteElo "1553"]
[BlackElo "1652"]

1. e4 e5 2. Nf3 Nc6 3. d3 d6 4. h3 f5 5. Nc3 Be6 6. g3 h6 7. Bg2 Nge7 8. O-O
fxe4 9. dxe4 Qd7 10. Nd2 O-O-O 11. a3 Ng6 12. Qh5 Bf7 13. Qf3 Be6 14. Qh5 Bf7
15. Qg4 Qxg4 16. hxg4 Be7 17. Bh3 h5 18. gxh5+ Kb8 19. hxg6 Bxg6 20. Kg2 Nd4 21.
Re1 Nxc2 22. Re2 Nxa1 23. Nc4 Nb3 24. Bd2 Nd4 25. Re1 Nc2 26. Rc1 Nd4 27. Be3
Ne2 28. Nxe2 Bxe4+ 29. f3 Bc6 30. Na5 Rdf8 31. Bg4 Rh6 32. Rh1 Bxf3+ 33. Bxf3
Rhf6 34. Rf1 c5 35. Nxb7 g5 36. Bf2 Rh8 37. g4 Rfh6 38. Bg1 c4 39. Na5 Bd8 40.
Nc6+ Kc7 41. Nxd8 Kxd8 42. Rc1 Kd7 43. Rxc4 a5 44. Ra4 Ke6 45. Rxa5 Ke7 46. b4
Rc8 47. b5 Rb8 48. Nc3 Rc8 49. Nd5+ Ke6 50. b6 Rc2+ 51. Bf2 e4 52. Bxe4 Re2 53.
Bf3 Rd2 54. b7 Rh8 55. Ra8 1-0

[Event "AUTO-INT-3948"]
[Site "http://www.queenalice.com/game.php?id=1864474"]
[Date "2025.10.19"]
[Round "1"]
[White "renet54"]
[Black "jenyasm"]
[Result "0-1"]
[WhiteElo "1585"]
[BlackElo "1535"]

1. d4 d5 2. Nf3 e6 3. e3 Nf6 4. Bd3 Nc6 5. O-O g6 6. b3 Bg7 7. Bb2 O-O 8. Nbd2
Nb4 9. a3 Nxd3 10. cxd3 b6 11. Re1 Ba6 12. Nf1 Qc8 13. Ng3 h5 14. Ne5 c5 15.
dxc5 Qxc5 16. Rc1 Qd6 17. Rc6 Qe7 18. Qc2 Rfc8 19. Rxc8+ Rxc8 20. Qd2 Nd7 21.
Nxd7 Qxd7 22. Bxg7 Kxg7 23. e4 dxe4 24. Nxe4 Rd8 25. Qc3+ Kf8 26. Qh8+ Ke7 27.
Re3 Rxh8 28. g3 Bxd3 29. Ng5 Qd5 30. Nf3 Qxb3 31. Nd4 Qxa3 32. Nc6+ Kf8 33. Ne5
Qa1+ 34. Kg2 Bf5 35. Nd7+ Kg7 36. h4 b5 37. Ne5 b4 38. Nc6 a5 0-1

[Event "AUTO-INT-3949"]
[Site "http://www.queenalice.com/game.php?id=1864867"]
[Date "2025.10.29"]
[Round "1"]
[White "Kn1ght1962"]
[Black "jenyasm"]
[Result "1-0"]
[WhiteElo "1557"]
[BlackElo "1588"]

1. e4 e5 2. Nf3 Nc6 3. a3 d6 4. h3 h6 5. d3 a6 6. Nc3 Nf6 7. Be3 d5 8. exd5 Nxd5
9. Qd2 Nf6 10. Be2 g6 11. O-O-O Bg7 12. Kb1 Ne7 13. Ne4 Nxe4 14. dxe4 b5 15.
Qxd8# 1-0

[Event "AUTO-INT-3952"]
[Site "http://www.queenalice.com/game.php?id=1865829"]
[Date "2025.11.19"]
[Round "1"]
[White "JoseMessias"]
[Black "jenyasm"]
[Result "1-0"]
[WhiteElo "1643"]
[BlackElo "1573"]

1. g3 e5 2. Bg2 d5 3. e4 dxe4 4. Bxe4 Nc6 5. c3 Bd6 6. Qa4 Bd7 7. Qc4 Nf6 8. d3
Nxe4 9. Qxe4 O-O 10. g4 h6 11. h4 Re8 12. g5 hxg5 13. hxg5 g6 14. Qh4 Kf8 15.
Qh8+ Ke7 16. Qf6+ 1-0